Statistics for Be My Baby - Ariana Grande

Click here to take the quiz!

General Stats

  • This quiz has been taken 32 times
  • The average score is 185 of 216

Answer Stats

HintAnswer% Correct
baby
100%
baby,
100%
Baby
100%
x2 | x8Be
100%
be
100%
I
100%
me
100%
me,
100%
my
100%
you
100%
You
100%
and
96%
boy.
96%
boy
96%
crazy
96%
drive
96%
if
96%
Chorus | Verse 1If
96%
love
96%
lover
96%
the
96%
to
96%
All
91%
all
91%
close
91%
Hold
91%
Kiss
91%
Maybe
91%
when
91%
can
87%
do
87%
how
87%
know
87%
don't
83%
I'll
83%
in
83%
mess
83%
On
83%
on
83%
other
83%
see,
83%
see
83%
up
83%
want
83%
want,
83%
club
78%
get
78%
girls
78%
give
78%
it
78%
this
78%
I'm
74%
need
74%
promise
74%
then,
74%
anything
70%
babe
70%
covers
70%
no
70%
of
70%
one
70%
things
70%
touch
70%
trust
70%
under
70%
Cause
65%
eyes
65%
for
65%
got
65%
honest
65%
is
65%
only
65%
chance,
61%
chance
61%
into
61%
keep
61%
morning
61%
Night
61%
that
61%
treat
61%
you'll
61%
ain't
57%
everything
57%
Just
57%
just
57%
real
57%
tryna
57%
with
57%
But
52%
depends
52%
So
52%
right
48%
It's
43%
obvious
43%
show
43%
way
43%
Oh,
39%
Oh
39%

Score Distribution

Percentile by Number Answered

Percent of People with Each Score

Your Score History

You have not taken this quiz